| 000 | 00395nam a22001457a 4500 | ||
|---|---|---|---|
| 020 | _a1-85348-639-6 | ||
| 082 |
_a645 _bJEN/C |
||
| 100 | _aJENKINS, ALISON | ||
| 245 | _aCREATIVE NATURE CRAFTS | ||
| 260 |
_aLONDON _bNEW BURLINGTON BOOKS _c1995 |
||
| 300 | _a128 | ||
| 520 | _aUSE NATURE'S BEAUTY TO MAKE BEAUTIFUL GIFTS AND DECORATIONS | ||
| 650 |
_aFASHION STUDIES _zUNITED KINGDOM |
||
| 942 | _cBK | ||
| 999 |
_c5917 _d5917 |
||